Points les plus profonds des cinq océans - Statistiques

Statistiques générales
  • Ce quiz a été pris 9 fois
  • Le résultat moyen est 1 sur 5
Statistiques - réponses
Océan Réponse % Correct
Pacifique - 10 925 m Challenger Deep
100%
Atlantique - 8 408 m fosse de Porto Rico
11%
Indien - 7 290 m Axe de la Fosse de Java
0%
Austral - 7 385 m Fosse des Sandwich du Sud
0%
Arctique - 5669 m Molloy Deep
0%
Aucun quiz correspondant
Distribution des résultats
% des personnes avec chaque résultat
Percentile par nombre de réponses
Votre historique - résultats
Vous n’avez pas pris ce quiz